Library Banner

Outlines of general philosophy/ (Record no. 99463)

MARC details
000 -LEADER
fixed length control field 00398nam a22001457a 4500
005 - DATE AND TIME OF LATEST TRANSACTION
control field 20171024113000.0
008 - FIXED-LENGTH DATA ELEMENTS--GENERAL INFORMATION
fixed length control field 171024b xxu||||| |||| 00| 0 eng d
040 ## - CATALOGING SOURCE
Transcribing agency PK-LaUMT
082 ## - DEWEY DECIMAL CLASSIFICATION NUMBER
Classification number PKAC 101
Item number CHA-O
100 ## - MAIN ENTRY--PERSONAL NAME
Personal name Chatterji , Phanibhushan
245 ## - TITLE STATEMENT
Title Outlines of general philosophy/
Statement of responsibility, etc Phanibhushan Chatterji
260 ## - PUBLICATION, DISTRIBUTION, ETC. (IMPRINT)
Place of publication, distribution, etc Calcutta:
Name of publisher, distributor, etc P.B. Chatterji,
Date of publication, distribution, etc 1918
300 ## - PHYSICAL DESCRIPTION
Extent 343 p.
942 ## - ADDED ENTRY ELEMENTS (KOHA)
Koha item type Books
Holdings
Withdrawn status Lost status Damaged status Home library Current library Date acquired Full call number Barcode Date last seen Price effective from Koha item type
      UMT Main Campus UMT Main Campus 2017-10-24 PKAC 101 CHA-O 115220 2017-10-24 2017-10-24 Books